书目信息 |
| 题名: |
“云消费”时代
|
|
| 作者: | 赖阳 , 韩凝春 著 | |
| 分册: | Ⅱ 零售实战 | |
| 出版信息: | 北京 中国经济出版社 2016.08 |
|
| 页数: | 213页 | |
| 开本: | 24cm | |
| 丛书名: | ||
| 单 册: | ||
| 中图分类: | F724.2 | |
| 科图分类: | ||
| 主题词: | 零售业--ling shou ye--研究--中国 | |
| 电子资源: | ||
| ISBN: | 978-7-5136-4195-1 | |
| 000 | 01179nam 2200253 450 | |
| 001 | 26663 | |
| 005 | 20220921084603.39 | |
| 010 | @a978-7-5136-4195-1@dCNY40.00 | |
| 100 | @a20161028d2016 em y0chiy50 ea | |
| 101 | 0 | @achi |
| 102 | @aCN@b110000 | |
| 105 | @aak z 000yy | |
| 200 | 1 | @a“云消费”时代@A“ yun xiao fei ” shi dai@hⅡ@i零售实战@f赖阳, 韩凝春等著 |
| 210 | @a北京@c中国经济出版社@d2016.08 | |
| 215 | @a213页@c图@d24cm | |
| 314 | @a赖阳, 北京京商流通战略研究院院长, 中国商业联合会专家委员会委员、中关村电子商会副会长、北京商业经济学会秘书长、北京财贸职业学院研究员。韩凝春, 北京财贸职业学院商业研究所副研究员, 北京京商流通战略研究院副院长。 | |
| 330 | @a本书着眼于“云消费”时代的商业转型与发展, 从百货店、购物中心、超市、批发市场等不同业态面临的困境与转型趋势, 餐饮业、茶业、帽业经营领域面临的挑战与发展, 以及社区民生商业的创新发展等视角, 从实战角度加以研究分析, 提出这些领域创新提升的新思路。 | |
| 517 | 1 | @a零售实战@Aling shou shi zhan |
| 606 | 0 | @a零售业@Aling shou ye@x研究@y中国 |
| 690 | @aF724.2@v5 | |
| 701 | 0 | @a赖阳@Alai yang@4著 |
| 701 | 0 | @a韩凝春@Ahan ning chun@4著 |
| 801 | 0 | @aCN@c20220910 |
| 905 | @a河南城建学院图书馆@dF724.2@eL032:2@f2 | |
| “云消费”时代.Ⅱ.零售实战/赖阳, 韩凝春等著.-北京:中国经济出版社,2016.08 |
| 213页:图;24cm |
| ISBN 978-7-5136-4195-1:CNY40.00 |
| 本书着眼于“云消费”时代的商业转型与发展, 从百货店、购物中心、超市、批发市场等不同业态面临的困境与转型趋势, 餐饮业、茶业、帽业经营领域面临的挑战与发展, 以及社区民生商业的创新发展等视角, 从实战角度加以研究分析, 提出这些领域创新提升的新思路。 |
| ● |
| 相关链接 |
|
|
|
正题名:"云消费"时代
索取号:F724.2/L032:2
 
预约/预借
| 序号 | 登录号 | 条形码 | 馆藏地/架位号 | 状态 | 备注 |
| 1 | 1577987 | 215779879 | 社科库409/409社科库 47排3列1层/ [索取号:F724.2/L032:2] | 在馆 | |
| 2 | 1577988 | 215779888 | 社科库409/409社科库 47排3列1层/ [索取号:F724.2/L032:2] | 在馆 |